000 00949cam a2200265 a 4500
999 _c518
_d518
001 1781
003 BD-DhUAP
005 20200123104347.0
008 200123s1991 caua b 001 0 eng
020 _a0534135129
040 _aDLC
_cDLC
_dBD-DhUAP
050 0 0 _aBF637.C6
_bI94 1991
082 0 0 _a158.3 IVE
_223
100 1 _aIvey, Allen E.
245 1 0 _aDevelopmental strategies for helpers :
_bindividual, family, and network interventions /
_cAllen E. Ivey.
260 _aPacific Grove, Calif. :
_bBrooks/Cole Pub. Co.,
_cc1991.
300 _axxiii, 333 pages :
_billustrations ;
_c23 cm.
504 _aIncludes bibliographical references and indexes.
650 0 _aCounseling.
650 0 _aDevelopmental psychology.
650 0 _aDevelopmental therapy.
906 _a7
_bcbc
_corignew
_d1
_eocip
_f19
_gy-gencatlg
942 _2ddc
_cBK